000 00695nam a22002890a 4500
001 PT1795
003 AR-LpoUNG
005 20210131233641.0
008 191001s1980||||ag |||||||||||||||||spa d
020 _a9506950989
_c$6.56
040 _aAR-LpoUNG
_bspa
_cAR-LpoUNG
_eaacr
041 _aspa
044 _aag
082 0 _aA863 723agu
100 1 _aArlt, Roberto
245 1 0 _aAguafuertes porteƱas
250 _a1ra. ed.
260 _aBuenos Aires :
_bRei Argentina,
_c[1980].
300 _a91 p. :
_bil., fot.
650 4 _aARGENTINA
650 4 _aLITERATURA
650 4 _aPROSA
651 4 _aArgentina
653 _aLITERATURA ARGENTINA
905 _a1795
942 _cLSALA
999 _c21962
_d21962